000 00356nam a2200145Ia 4500
005 20251222151306.0
008 251222s9999||||xx |||||||||||||| ||spa||
020 _a8430925341
082 _a343.04/L94
100 _aLozano Serrano, Carmelo
245 0 _aCurso de Derecho Financiero y Tributario
250 _a5a. ed.
264 _bTecnos
942 _cLIB
999 _c23169
_d23169